| 000 | 00657nam a2200205 a 4500 | ||
|---|---|---|---|
| 001 | 000013164 | ||
| 005 | 20240530073916.0 | ||
| 008 | 091120s1998 dr 000 f spa d | ||
| 040 |
_aDO-SdBNP _bspa _cBNPHU |
||
| 082 |
_aRD863.44 _bT266L |
||
| 100 | 1 |
_aTejera Díaz, Juan Víctor _910539 |
|
| 245 | 1 | 0 |
_aLeylin / _cJuan Víctor Tejera Díaz. |
| 260 |
_aSanto Domingo : _bCorripio, _c1998. |
||
| 300 |
_a108 p. ; _c23 cm. |
||
| 500 | _aIncluye datos biográficos del autor en la contracubierta | ||
| 590 | _aInventariado, 2019/BT | ||
| 650 | 0 |
_aNovela dominicana _9223 |
|
| 650 | 0 |
_aLiteratura dominicana. _967 |
|
| 910 | _aValidado. Control de calidad MFF | ||
| 999 |
_c12803 _d12803 |
||